[Event "Charlotte CCCSA Winter IM"]
[Site "Charlotte"]
[Date "2018.01.15"]
[Round "8"]
[White "Hong, Andrew Z"]
[Black "Montalvo Rosario, Alejandro"]
[Result "1-0"]
[WhiteElo "2327"]
[BlackElo "2183"]
[PlyCount "49"]
[EventDate "2018.01.11"]
[EventType "tourn"]
[EventRounds "9"]
[EventCountry "USA"]
[EventCategory "2"]
[SourceTitle "CBM 182 Extra"]
[Source "ChessBase"]
[SourceDate "2018.02.23"]
[SourceVersion "1"]
[SourceVersionDate "2018.02.23"]
[SourceQuality "1"]

1. e4 c6 2. d4 d5 3. e5 Bf5 4. Nf3 e6 5. Be2 Nd7 6. 0-0 Bb4 7. c3 Ba5 8. Na3 h6 9. Nc2 Ne7 10. Nh4 Bh7 11. f4 0-0 12. Ne3 Bb6 13. f5 exf5 14. Kh1 f4 15. Ng4 f5 16. exf6 Nxf6 17. Bxf4 Ne4 18. Bd3 Qd7 19. Qe2 Qe6 20. Be5 Rae8 21. Rae1 Bd8 22. Ne3 g5 23. Qh5 Nf2+ 24. Rxf2 Bxd3 25. Ng4 1-0

[Event "PUR-ch"]
[Site "San Juan"]
[Date "2016.04.01"]
[Round "1"]
[White "Montalvo Rosario, Alejandro"]
[Black "Sosa Trani, Luis"]
[Result "1/2-1/2"]
[WhiteElo "2173"]
[BlackElo "2049"]
[PlyCount "38"]
[EventDate "2016.04.01"]
[EventType "tourn"]
[EventRounds "11"]
[EventCountry "PUR"]
[SourceTitle "CBM 171 Extra"]
[Source "ChessBase"]
[SourceDate "2016.04.26"]
[SourceVersion "1"]
[SourceVersionDate "2016.04.26"]
[SourceQuality "1"]

1. b3 e5 2. Bb2 d6 3. e3 Nf6 4. d4 exd4 5. exd4 Qe7+ 6. Be2 Bg4 7. Nc3 Nc6 8. d5 Ne5 9. Qd4 Bxe2 10. Ngxe2 g6 11. 0-0-0 Bg7 12. Rhe1 0-0 13. Ng3 Qd8 14. h3 Ned7 15. Qd2 Re8 16. Rxe8+ Qxe8 17. Re1 Qf8 18. Kb1 a6 19. Nge4 Re8 1/2-1/2

[Event "PUR-ch"]
[Site "Bayamon"]
[Date "2015.10.11"]
[Round "4"]
[White "Vazquez Maccarini, Danitza"]
[Black "Montalvo Rosario, Alejandro"]
[Result "1/2-1/2"]
[WhiteElo "2025"]
[BlackElo "2175"]
[PlyCount "87"]
[EventDate "2015.10.09"]
[EventType "swiss"]
[EventRounds "9"]
[EventCountry "PUR"]
[SourceTitle "EXT 2017"]
[Source "ChessBase"]
[SourceDate "2016.10.25"]
[SourceVersion "1"]
[SourceVersionDate "2016.10.25"]
[SourceQuality "1"]

1. e4 c6 2. d4 g6 3. Nc3 d5 4. e5 h5 5. Nf3 Bg4 6. Be2 Bxf3 7. Bxf3 e6 8. Ne2 Nh6 9. c3 Nd7 10. Qb3 Qb6 11. Bg5 Nf5 12. Ng3 Ne7 13. h4 c5 14. Qxb6 Nxb6 15. Be2 cxd4 16. Bb5+ Nc6 17. cxd4 Nd7 18. Be3 Rc8 19. Rc1 Be7 20. Ne2 0-0 21. g3 Ndb8 22. 0-0 a6 23. Bd3 Nd7 24. Bb1 Nb6 25. b3 Rc7 26. Rcd1 Rfc8 27. Bc1 Nb4 28. Bb2 Nxa2 29. Rd2 Nb4 30. Ba3 Nc6 31. Bxe7 Nxe7 32. f3 Nc6 33. g4 hxg4 34. fxg4 Na5 35. Rd3 Nd7 36. Rdf3 Nf8 37. h5 Kg7 38. g5 Nc6 39. Rf6 gxh5 40. Ng3 Nxd4 41. Nxh5+ Kg8 42. Rh6 Rc1 43. Nf6+ Kg7 44. Nh5+ 1/2-1/2

[Event "PUR-ch"]
[Site "Bayamon"]
[Date "2015.10.09"]
[Round "1"]
[White "Montalvo Rosario, Alejandro"]
[Black "Schwabe Rivera, Ulrich"]
[Result "1-0"]
[WhiteElo "2175"]
[BlackElo "1723"]
[PlyCount "69"]
[EventDate "2015.10.09"]
[EventType "swiss"]
[EventRounds "9"]
[EventCountry "PUR"]
[SourceTitle "EXT 2017"]
[Source "ChessBase"]
[SourceDate "2016.10.25"]
[SourceVersion "1"]
[SourceVersionDate "2016.10.25"]
[SourceQuality "1"]

1. d4 Nf6 2. c4 g6 3. Nc3 Bg7 4. g3 0-0 5. Bg2 d6 6. Nf3 Nc6 7. 0-0 a6 8. b3 Rb8 9. Bb2 b5 10. cxb5 axb5 11. d5 Na5 12. Nd4 b4 13. Na4 e6 14. e4 e5 15. Nc2 c6 16. dxc6 Nxc6 17. Qd2 Be6 18. Rfd1 Ne8 19. Rac1 Qe7 20. Ne3 Nd4 21. Bxd4 exd4 22. Nc2 Bd7 23. Nxb4 Bxa4 24. bxa4 Qe6 25. Nc6 Ra8 26. Nxd4 Bxd4 27. Qxd4 Qxa2 28. Ra1 Qb3 29. Qd5 Qxd5 30. Rxd5 f6 31. a5 Rf7 32. e5 Ra6 33. Bf1 Raa7 34. exd6 Kf8 35. Bb5 1-0

[Event "San Sebastian Mendez Memorial 2nd"]
[Site "San Sebastian del Pepino"]
[Date "2015.01.16"]
[Round "3"]
[White "Corrales Jimenez, Fidel"]
[Black "Montalvo Rosario, Alejandro"]
[Result "1-0"]
[WhiteElo "2533"]
[BlackElo "2284"]
[PlyCount "69"]
[EventDate "2015.01.14"]
[EventType "swiss"]
[EventRounds "9"]
[EventCountry "PUR"]
[SourceTitle "EXT 2016"]
[Source "ChessBase"]
[SourceDate "2015.10.08"]
[SourceVersion "1"]
[SourceVersionDate "2015.10.08"]
[SourceQuality "1"]

1. d4 c6 2. c4 d5 3. Nf3 Nf6 4. e3 g6 5. Nc3 Bg7 6. Bd3 0-0 7. 0-0 Nbd7 8. cxd5 cxd5 9. b3 b6 10. Ba3 Bb7 11. Rc1 a6 12. Na4 Re8 13. Ne5 Nxe5 14. dxe5 Nd7 15. f4 b5 16. Nc5 Nxc5 17. Bxc5 Rc8 18. Qf3 e6 19. g4 Qd7 20. Bd4 Qe7 21. Rxc8 Bxc8 22. g5 Bd7 23. h4 Rc8 24. Kg2 Qa3 25. Qe2 Bf8 26. h5 b4 27. Rh1 Bb5 28. hxg6 hxg6 29. Bxb5 axb5 30. Kf3 Rc1 31. Rh2 Qa6 32. Qg2 Qc6 33. f5 exf5 34. Qh3 Bg7 35. e6 1-0

[Event "San Sebastian Mendez Memorial 2nd"]
[Site "San Sebastian del Pepino"]
[Date "2015.01.15"]
[Round "2"]
[White "Montalvo Rosario, Alejandro"]
[Black "Melendez Padilla, Isabelo"]
[Result "1-0"]
[WhiteElo "2284"]
[BlackElo "1917"]
[PlyCount "63"]
[EventDate "2015.01.14"]
[EventType "swiss"]
[EventRounds "9"]
[EventCountry "PUR"]
[SourceTitle "EXT 2016"]
[Source "ChessBase"]
[SourceDate "2015.10.08"]
[SourceVersion "1"]
[SourceVersionDate "2015.10.08"]
[SourceQuality "1"]

1. d4 c5 2. d5 d6 3. e4 Nf6 4. Nc3 g6 5. Bf4 Bg7 6. h3 0-0 7. Nf3 Nbd7 8. Be2 a6 9. a4 Qc7 10. 0-0 Ne5 11. Nd2 h6 12. Bg3 g5 13. f4 gxf4 14. Bxf4 Ng6 15. Bg3 Nd7 16. Nc4 Nde5 17. Ne3 e6 18. Qd2 Rd8 19. Rf2 Rb8 20. Raf1 Qe7 21. Ng4 Rf8 22. Nxh6+ Kh7 23. Nf5 exf5 24. exf5 Bh6 25. fxg6+ Nxg6 26. Qxh6+ Kxh6 27. Rf6 Qe3+ 28. Kh2 Kg7 29. Bxd6 Bxh3 30. gxh3 Ne5 31. R6f5 f6 32. Rg1+ 1-0

[Event "San Sebastian Mendez Memorial 2nd"]
[Site "San Sebastian del Pepino"]
[Date "2015.01.14"]
[Round "1"]
[White "Velazquez Rivera, Pedro J"]
[Black "Montalvo Rosario, Alejandro"]
[Result "0-1"]
[WhiteElo "1865"]
[BlackElo "2284"]
[PlyCount "40"]
[EventDate "2015.01.14"]
[EventType "swiss"]
[EventRounds "9"]
[EventCountry "PUR"]
[SourceTitle "EXT 2016"]
[Source "ChessBase"]
[SourceDate "2015.10.08"]
[SourceVersion "1"]
[SourceVersionDate "2015.10.08"]
[SourceQuality "1"]

1. e4 c6 2. d4 d5 3. Nc3 dxe4 4. Nxe4 Nf6 5. Nxf6+ gxf6 6. Bf4 Bf5 7. Nf3 e6 8. Nh4 Bg6 9. Nxg6 hxg6 10. Bxb8 Qxb8 11. g3 Qd6 12. c3 0-0-0 13. Qf3 e5 14. 0-0-0 Bh6+ 15. Kb1 exd4 16. Rxd4 Qe5 17. Bh3+ f5 18. Rxd8+ Rxd8 19. Bg2 Rd2 20. Rd1 Qe4+ 0-1

[Event "Olympiad-41"]
[Site "Tromsoe"]
[Date "2014.08.10"]
[Round "8.3"]
[White "Berend, Fred"]
[Black "Montalvo Rosario, Alejandro"]
[Result "1/2-1/2"]
[WhiteElo "2380"]
[BlackElo "2296"]
[PlyCount "96"]
[EventDate "2014.08.02"]
[EventType "team-swiss"]
[EventRounds "11"]
[EventCountry "NOR"]
[SourceTitle "CBM 162"]
[Source "ChessBase"]
[SourceDate "2014.09.17"]
[SourceVersion "1"]
[SourceVersionDate "2014.09.17"]
[SourceQuality "1"]
[WhiteTeam "Luxembourg"]
[BlackTeam "Puerto Rico"]
[WhiteTeamCountry "LUX"]
[BlackTeamCountry "PUR"]

1. e4 e6 2. d4 d5 3. Nd2 Nc6 4. c3 e5 5. exd5 Qxd5 6. Ngf3 exd4 7. Bc4 Qh5 8. cxd4 Be6 9. Qe2 0-0-0 10. Bxe6+ fxe6 11. Qxe6+ Kb8 12. 0-0 Bd6 13. h3 Nf6 14. Ne4 Rde8 15. Nxf6 gxf6 16. Qg4 Qd5 17. Nh4 Rhg8 18. Qf3 Re4 19. Nf5 Nxd4 20. Nxd4 Rxd4 21. Qxd5 Rxd5 22. Be3 f5 23. Rfd1 Rb5 24. Bd4 Kc8 25. Rac1 Kd7 26. Kf1 Rd5 27. g3 Re8 28. Be3 Rxd1+ 29. Rxd1 Ke6 30. Kg2 c5 31. Kf3 b5 32. Bf4 Be7 33. Re1+ Kd7 34. Re5 Rf8 35. b4 cxb4 36. Rxb5 Kc6 37. Ra5 Bc5 38. Be3 Bb6 39. Re5 Rf7 40. Re6+ Kb5 41. Bxb6 axb6 42. Kf4 Ra7 43. Re2 Kc4 44. Kxf5 Kd3 45. Re3+ Kc4 46. Re4+ Kc3 47. Re3+ Kc4 48. Re4+ Kc3 1/2-1/2

[Event "Olympiad-41"]
[Site "Tromsoe"]
[Date "2014.08.05"]
[Round "4.2"]
[White "Soriano, Rudolph P"]
[Black "Montalvo Rosario, Alejandro"]
[Result "1-0"]
[WhiteElo "1802"]
[BlackElo "2296"]
[PlyCount "105"]
[EventDate "2014.08.02"]
[EventType "team-swiss"]
[EventRounds "11"]
[EventCountry "NOR"]
[SourceTitle "CBM 162"]
[Source "ChessBase"]
[SourceDate "2014.09.17"]
[SourceVersion "1"]
[SourceVersionDate "2014.09.17"]
[SourceQuality "1"]
[WhiteTeam "Guam"]
[BlackTeam "Puerto Rico"]
[WhiteTeamCountry "GMA"]
[BlackTeamCountry "PUR"]

1. Nf3 d5 2. b3 Nf6 3. Bb2 g6 4. e3 Bg7 5. d3 0-0 6. Be2 b6 7. Nbd2 Bb7 8. a3 c5 9. 0-0 Nc6 10. Rb1 Qc7 11. Re1 e5 12. Nf1 e4 13. N3d2 Rad8 14. Ng3 Rfe8 15. Qc1 Ne5 16. dxe4 dxe4 17. Bb5 Re7 18. Ndf1 h5 19. h3 h4 20. Nh1 a6 21. Be2 Nf3+ 22. Bxf3 exf3 23. g3 Qc8 24. Kh2 Ng4+ 25. Kg1 Nxe3 26. g4 Re4 27. Nxe3 Bh6 28. Kh2 Bf4+ 29. Kg1 Bxe3 30. Qxe3 Rxg4+ 31. hxg4 Qxg4+ 32. Ng3 Rd4 33. Qe8+ Kg7 34. Bxd4+ cxd4 35. Re7 Bd5 36. Qd7 Qg5 37. Rxf7+ Bxf7 38. Qxd4+ Kh7 39. Qd7 Kg7 40. Qh3 hxg3 41. Qxg3 Qf5 42. Re1 Qxc2 43. Qxf3 Qd2 44. Qe3 Qd7 45. Qe5+ Kg8 46. Re3 Qd1+ 47. Kh2 Bxb3 48. Qe8+ Kg7 49. Re7+ Kf6 50. Qf8+ Kg5 51. Re5+ Kg4 52. Re4+ Kg5 53. Qf4+ 1-0

[Event "Olympiad-41"]
[Site "Tromsoe"]
[Date "2014.08.03"]
[Round "2.2"]
[White "Montalvo Rosario, Alejandro"]
[Black "Marko, Helmut"]
[Result "1-0"]
[WhiteElo "2296"]
[BlackElo "1953"]
[PlyCount "57"]
[EventDate "2014.08.02"]
[EventType "team-swiss"]
[EventRounds "11"]
[EventCountry "NOR"]
[SourceTitle "CBM 162"]
[Source "ChessBase"]
[SourceDate "2014.09.17"]
[SourceVersion "1"]
[SourceVersionDate "2014.09.17"]
[SourceQuality "1"]
[WhiteTeam "Puerto Rico"]
[BlackTeam "Papua New Guinea"]
[WhiteTeamCountry "PUR"]
[BlackTeamCountry "PNG"]

1. d4 g6 2. e4 Bg7 3. Nc3 c5 4. dxc5 Bxc3+ 5. bxc3 Qa5 6. Qd4 Nf6 7. Qb4 Qxb4 8. cxb4 Nxe4 9. Bb2 0-0 10. Bd3 d5 11. f3 Nf6 12. Ne2 Nbd7 13. 0-0 Ne8 14. c4 Nc7 15. Nf4 dxc4 16. Bxc4 b5 17. Bb3 a5 18. a3 Bb7 19. Rfe1 e6 20. Rad1 Rfd8 21. Rd6 Ne8 22. Nxe6 Nxd6 23. Nxd8 Rxd8 24. cxd6 a4 25. Ba2 Nb6 26. Bf6 Rb8 27. Bd4 Bd5 28. Bxd5 Nxd5 29. d7 1-0

[Event "PUR-DOM m"]
[Site "Guaynabo"]
[Date "2013.09.27"]
[Round "1.3"]
[White "Montalvo Rosario, Alejandro"]
[Black "Subervi Nunez, Jonathan Sigfredo"]
[Result "1-0"]
[WhiteElo "2285"]
[BlackElo "2207"]
[PlyCount "57"]
[EventDate "2013.09.27"]
[EventType "team-match"]
[EventRounds "2"]
[EventCountry "PUR"]
[SourceTitle "CBM 156 Extra"]
[Source "ChessBase"]
[SourceDate "2013.10.22"]
[SourceVersion "1"]
[SourceVersionDate "2013.10.22"]
[SourceQuality "1"]
[WhiteTeam "Puerto Rico"]
[BlackTeam "Dominican Republic"]
[WhiteTeamCountry "PUR"]
[BlackTeamCountry "DOM"]

1. d4 Nf6 2. Bg5 e6 3. e4 h6 4. Bxf6 Qxf6 5. c3 d6 6. Bd3 e5 7. Ne2 g6 8. 0-0 Bg7 9. f4 exd4 10. Nxd4 0-0 11. Nd2 Nd7 12. Nc4 Nc5 13. Bc2 Bd7 14. f5 Qe7 15. Qf3 Bxd4+ 16. cxd4 Bb5 17. Ne3 Bxf1 18. Rxf1 Nxe4 19. Nd5 Qh4 20. Bxe4 c6 21. g3 Qg5 22. h4 Qd8 23. Nf4 Qf6 24. fxg6 fxg6 25. Bxg6 Qxd4+ 26. Rf2 Rf6 27. Qb3+ d5 28. Qxb7 Raf8 29. Qh7# 1-0

[Event "Guaynabo 3rd"]
[Site "Guaynabo"]
[Date "2013.07.11"]
[Round "9"]
[White "Montalvo Rosario, Alejandro"]
[Black "Colon Melendez, Edgar L"]
[Result "1/2-1/2"]
[WhiteElo "2272"]
[BlackElo "2219"]
[PlyCount "155"]
[EventDate "2013.07.05"]
[EventType "tourn"]
[EventRounds "9"]
[EventCountry "PUR"]
[SourceTitle "EXT 2014"]
[Source "ChessBase"]
[SourceDate "2013.11.20"]
[SourceVersion "1"]
[SourceVersionDate "2013.11.20"]
[SourceQuality "1"]

1. d4 d5 2. Bg5 Nd7 3. e3 Ngf6 4. Nd2 e6 5. c3 c5 6. f4 Qc7 7. Bd3 b6 8. Ngf3 Bb7 9. Ne5 a6 10. Qf3 g6 11. 0-0 Bg7 12. Rae1 0-0 13. g4 Rae8 14. h4 Ne4 15. Nxe4 dxe4 16. Bxe4 Bxe4 17. Qxe4 f6 18. Nxd7 Qxd7 19. dxc5 bxc5 20. Rd1 Qb5 21. Rd2 fxg5 22. hxg5 Re7 23. f5 Qb7 24. Qc4 Be5 25. f6 Ref7 26. e4 Qc6 27. b4 Qb5 28. Qxe6 Bxc3 29. Rdd1 cxb4 30. Rd5 Qe8 31. Rd6 a5 32. Qd5 Qe5 33. Qxe5 Bxe5 34. Re6 Bd4+ 35. Kg2 Rc7 36. Rd1 Be3 37. Rd5 a4 38. Kf3 Rc3 39. Ke2 b3 40. axb3 axb3 41. Re7 Bxg5 42. Rxg5 Rxf6 43. Rb5 Rf7 44. Re8+ Kg7 45. g5 Rg3 46. Reb8 b2 47. Rxb2 Rxg5 48. R2b7 Rg3 49. Rxf7+ Kxf7 50. Rb7+ Kg8 51. Kf2 Rc3 52. Rd7 h5 53. Ra7 h4 54. Rd7 g5 55. Kg2 g4 56. Rd5 Rc2+ 57. Kh1 g3 58. Rg5+ Kf7 59. e5 Ke6 60. Rh5 Rh2+ 61. Kg1 Kf7 62. Rg5 Ke7 63. Rh5 Ke6 64. Rg5 Re2 65. Rh5 Re4 66. Kg2 Rg4 67. Kg1 Rf4 68. Kh1 Rg4 69. Kg2 Kf7 70. Rf5+ Kg6 71. Rf8 Re4 72. Kh3 Kg5 73. Rg8+ Kf5 74. Re8 Rd4 75. Re7 Rc4 76. Re8 Re4 77. Re7 Rxe5 78. Rf7+ 1/2-1/2

[Event "Guaynabo 3rd"]
[Site "Guaynabo"]
[Date "2013.07.05"]
[Round "1"]
[White "Montanez Nazario, Robert"]
[Black "Montalvo Rosario, Alejandro"]
[Result "0-1"]
[WhiteElo "2127"]
[BlackElo "2272"]
[PlyCount "40"]
[EventDate "2013.07.05"]
[EventType "tourn"]
[EventRounds "9"]
[EventCountry "PUR"]
[SourceTitle "EXT 2014"]
[Source "ChessBase"]
[SourceDate "2013.11.20"]
[SourceVersion "1"]
[SourceVersionDate "2013.11.20"]
[SourceQuality "1"]

1. Nf3 Nf6 2. g3 g6 3. Bg2 Bg7 4. 0-0 0-0 5. d4 c5 6. c4 d6 7. Nc3 Nc6 8. dxc5 dxc5 9. Qxd8 Rxd8 10. Be3 b6 11. Ne5 Nxe5 12. Bxa8 Nxc4 13. Rad1 Bd7 14. Bc6 Nxb2 15. Nd5 Nxd1 16. Nxf6+ Bxf6 17. Rxd1 Bd4 18. Bxd7 Rxd7 19. Kg2 Rd6 20. Bf4 Be5 0-1

[Event "PUR-ch"]
[Site "Bayamon"]
[Date "2013.06.01"]
[Round "7"]
[White "Montalvo Rosario, Alejandro"]
[Black "Ayala Sanchez, Abnel"]
[Result "0-1"]
[WhiteElo "2293"]
[BlackElo "1999"]
[PlyCount "58"]
[EventDate "2013.05.24"]
[EventType "swiss"]
[EventRounds "9"]
[EventCountry "PUR"]
[SourceTitle "CBM 154 Extra"]
[Source "ChessBase"]
[SourceDate "2013.06.25"]
[SourceVersion "2"]
[SourceVersionDate "2013.06.25"]
[SourceQuality "1"]

1. d4 d5 2. Bf4 c6 3. e3 Nf6 4. Bd3 g6 5. h3 Bg7 6. Nf3 0-0 7. Nbd2 Nbd7 8. 0-0 Nh5 9. Bh2 f5 10. g4 fxg4 11. hxg4 Nhf6 12. Ng5 Nb6 13. f3 e5 14. Bxe5 Nxg4 15. f4 Nxe3 16. Qe2 Nxf1 17. Rxf1 Bf5 18. Bxg7 Bxd3 19. Qxd3 Rxf4 20. Qg3 Rxf1+ 21. Nxf1 Qe7 22. Bh6 Re8 23. Nf3 Nc4 24. b3 Nd6 25. Bf4 Nf5 26. Qh3 Qe4 27. Be3 Qxc2 28. Nh4 Nxe3 29. Nxe3 Qd3 0-1

[Event "Olympiad-39"]
[Site "Khanty-Mansiysk"]
[Date "2010.09.28"]
[Round "7.2"]
[White "Montalvo Rosario, Alejandro"]
[Black "Laylo, Darwin"]
[Result "0-1"]
[WhiteElo "2250"]
[BlackElo "2522"]
[PlyCount "58"]
[EventDate "2010.09.21"]
[EventType "team-swiss"]
[EventRounds "11"]
[EventCountry "RUS"]
[SourceTitle "CBM 139"]
[Source "ChessBase"]
[SourceDate "2010.11.18"]
[SourceVersion "1"]
[SourceVersionDate "2010.11.18"]
[SourceQuality "1"]
[WhiteTeam "Puerto Rico"]
[BlackTeam "Philippines"]
[WhiteTeamCountry "PUR"]
[BlackTeamCountry "PHI"]

1. e4 d5 2. exd5 Nf6 3. d4 Bg4 4. f3 Bf5 5. g4 Bg6 6. c4 e6 7. Nc3 Be7 8. dxe6 Nc6 9. Be3 fxe6 10. a3 Nd7 11. Nge2 0-0 12. Kf2 Bg5 13. Qd2 Nde5 14. dxe5 Qxd2 15. Bxd2 Bxd2 16. Rd1 Rad8 17. Nd5 Bh6 18. Ndc3 Rxd1 19. Nxd1 Nxe5 20. Nec3 Rxf3+ 21. Kg2 Rf4 22. h3 Nxc4 23. Kg3 Rd4 24. Bxc4 Rxc4 25. Re1 Kf7 26. h4 Bd2 27. Re2 Bf4+ 28. Kf3 h5 29. Nf2 Bc1 0-1

[Event "Olympiad-39"]
[Site "Khanty-Mansiysk"]
[Date "2010.09.27"]
[Round "6.2"]
[White "Al Ali, Hussein Ali Hussein"]
[Black "Montalvo Rosario, Alejandro"]
[Result "1/2-1/2"]
[WhiteElo "2364"]
[BlackElo "2250"]
[PlyCount "154"]
[EventDate "2010.09.21"]
[EventType "team-swiss"]
[EventRounds "11"]
[EventCountry "RUS"]
[SourceTitle "CBM 139"]
[Source "ChessBase"]
[SourceDate "2010.11.18"]
[SourceVersion "1"]
[SourceVersionDate "2010.11.18"]
[SourceQuality "1"]
[WhiteTeam "Iraq"]
[BlackTeam "Puerto Rico"]
[WhiteTeamCountry "IRQ"]
[BlackTeamCountry "PUR"]

1. e4 c6 2. Nc3 d5 3. Nf3 dxe4 4. Nxe4 Nf6 5. Ng3 g6 6. Bc4 Bg7 7. 0-0 0-0 8. h3 b5 9. Bb3 Bb7 10. d4 Nbd7 11. Qe2 a6 12. Rd1 e6 13. Bf4 Re8 14. Ne4 Nxe4 15. Qxe4 Qc8 16. c3 c5 17. Qe2 c4 18. Bc2 Qc6 19. Qf1 e5 20. Be3 e4 21. Nd2 Nb6 22. Nxe4 Na4 23. d5 Qd7 24. Bxa4 Rxe4 25. Bc2 Re5 26. d6 Re6 27. Bf4 Be5 28. Bxe5 Rxe5 29. Rd2 Rc8 30. Rad1 Rc6 31. f4 Re6 32. f5 Rexd6 33. Qf4 Rxd2 34. Rxd2 Qe7 35. Be4 Rc8 36. Bxb7 Qxb7 37. f6 Qb6+ 38. Qd4 Qc7 39. Qd6 Qa7+ 40. Rd4 Re8 41. Qd7 Qxd7 42. Rxd7 h6 43. Re7 Rd8 44. a4 g5 45. axb5 axb5 46. Rb7 Rd5 47. Kh2 Kh7 48. Rxf7+ Kg6 49. Rf8 Rf5 50. Rb8 Kxf6 51. Rb6+ Kg7 52. Kg1 h5 53. Rd6 Kf7 54. g3 b4 55. Kg2 b3 56. Rd4 Ra5 57. Kf3 Ke6 58. Rxc4 Ra2 59. Re4+ Kd5 60. Re2 Ra1 61. Rd2+ Ke5 62. c4 Rf1+ 63. Ke3 Rh1 64. Rd5+ Kf6 65. c5 Rxh3 66. c6 Rh2 67. c7 Rc2 68. Rd7 Ke6 69. Rd3 Rxc7 70. Rxb3 h4 71. gxh4 gxh4 72. Rb4 Rh7 73. Kf2 h3 74. Kg1 h2+ 75. Kh1 Kd5 76. Rg4 Kc5 77. Rg2 Kb4 1/2-1/2

[Event "Olympiad-38"]
[Site "Dresden"]
[Date "2008.11.19"]
[Round "6"]
[White "Hracek, Zbynek"]
[Black "Montalvo Rosario, Alejandro"]
[Result "1-0"]
[WhiteElo "2613"]
[BlackElo "2223"]
[PlyCount "57"]
[EventDate "2008.11.13"]
[EventType "team-swiss"]
[EventRounds "11"]
[EventCountry "GER"]
[SourceTitle "CBM 128"]
[Source "ChessBase"]
[SourceDate "2009.01.28"]
[SourceVersion "1"]
[SourceVersionDate "2009.01.28"]
[SourceQuality "1"]
[WhiteTeam "Czech Republic"]
[BlackTeam "Puerto Rico"]
[WhiteTeamCountry "CZE"]
[BlackTeamCountry "PUR"]

1. e4 c6 2. d4 d5 3. Nc3 dxe4 4. Nxe4 Bf5 5. Ng3 Bg6 6. Bc4 e6 7. N1e2 Bd6 8. h4 h6 9. Nf4 Bxf4 10. Bxf4 Nf6 11. h5 Bh7 12. Qe2 0-0 13. 0-0-0 Nbd7 14. Bd3 Qa5 15. Bxh7+ Kxh7 16. Kb1 c5 17. Ne4 cxd4 18. Rxd4 Kh8 19. g4 Nxe4 20. Qxe4 Nf6 21. Qe5 Nd5 22. Re1 Rae8 23. Bd2 Qb6 24. c3 f6 25. Qe4 f5 26. Qe5 fxg4 27. Bxh6 Nxc3+ 28. Ka1 Rf7 29. Rxg4 1-0

[Event "Puerto Rico-ch"]
[Site "Puerto Rico"]
[Date "2007.07.21"]
[Round "6"]
[White "Sotelo Kohama, Daniel"]
[Black "Montalvo Rosario, Alejandro"]
[Result "0-1"]
[WhiteElo "2141"]
[BlackElo "2251"]
[PlyCount "70"]
[EventDate "2007.07.13"]
[EventType "tourn"]
[EventRounds "11"]
[EventCountry "PUR"]
[SourceTitle "EXT 2010"]
[Source "ChessBase"]
[SourceDate "2010.11.25"]
[SourceVersion "1"]
[SourceVersionDate "2010.11.25"]
[SourceQuality "1"]

1. e4 g6 2. g3 Bg7 3. Bg2 e5 4. Ne2 Nc6 5. c3 Nf6 6. d4 d6 7. 0-0 0-0 8. Bg5 h6 9. Be3 Ng4 10. Bc1 f5 11. h3 Nf6 12. exf5 gxf5 13. Nd2 Kh8 14. Nf3 Qe8 15. Nh4 Ne7 16. dxe5 dxe5 17. f4 e4 18. Be3 Ng6 19. Nxg6+ Qxg6 20. Bd4 Rg8 21. Kh2 Nh5 22. Bf2 Be6 23. Rg1 Rad8 24. Qe1 Rd3 25. Rd1 Rxd1 26. Qxd1 Bxa2 27. b3 Nf6 28. Nc1 Bb1 29. Ne2 Bd3 30. Nd4 Re8 31. Be3 c5 32. Ne2 Qh5 33. Nc1 Ng4+ 34. Kh1 b6 35. Qd2 Nxe3 0-1

[Event "Puerto Rico-ch"]
[Site "Puerto Rico"]
[Date "2007.07.15"]
[Round "3"]
[White "Montalvo Rosario, Alejandro"]
[Black "Campiz Jimenez, Leonardo"]
[Result "1-0"]
[WhiteElo "2251"]
[BlackElo "2131"]
[PlyCount "72"]
[EventDate "2007.07.13"]
[EventType "tourn"]
[EventRounds "11"]
[EventCountry "PUR"]
[SourceTitle "EXT 2010"]
[Source "ChessBase"]
[SourceDate "2010.11.25"]
[SourceVersion "1"]
[SourceVersionDate "2010.11.25"]
[SourceQuality "1"]

1. d4 Nf6 2. c4 e6 3. Nf3 Bb4+ 4. Nbd2 b6 5. e3 Bb7 6. Bd3 0-0 7. 0-0 Bxd2 8. Nxd2 d6 9. b3 e5 10. d5 Nbd7 11. e4 Nc5 12. Bc2 a5 13. a3 c6 14. Bb2 b5 15. b4 axb4 16. axb4 Na6 17. cxb5 cxb5 18. Ba3 g6 19. Bd3 Nc7 20. Bb2 Nh5 21. Rxa8 Qxa8 22. g3 Qa2 23. Qb3 Qxb3 24. Nxb3 f5 25. Rc1 Na6 26. Na5 fxe4 27. Bxb5 Bc8 28. Rxc8 Rxc8 29. Bxa6 Rc2 30. Nc4 Nf6 31. Ba3 Ra2 32. b5 e3 33. fxe3 Ne4 34. b6 Ng5 35. b7 Nf3+ 36. Kf1 Nh4 1-0